Catálogo público

Organismos asociados a la necrosis de Yemas florales de zarzamora (Rubus sp.) Y su distribución en las zonas productoras de Michoacán / (Record no. 208544)

MARC details
000 -CABECERA
campo de control de longitud fija 01244nam a2200325Ia 4500
001 - NÚMERO DE CONTROL
campo de control Para_9865
003 - IDENTIFICADOR DEL NÚMERO DE CONTROL
campo de control CHAP
008 - DATOS DE LONGITUD FIJA--INFORMACIÓN GENERAL
campo de control de longitud fija 220125s2010 xx 000 0 und d
010 ## - NÚMERO DE CONTROL DE LA BIBLIOTECA DEL CONGRESO
Número de control de LC 208544
040 ## - FUENTE DE LA CATALOGACIÓN
Centro/agencia transcriptor CHAP
090 ## - LOCALMENTE ASIGNADO TIPO-LC NÚMERO DE CLASIFICACIÓN (OCLC); NÚMERO DE CLASIFICACIÓN LOCAL (RLIN)
Número de clasificación (OCLC) (R) ; Numero de clasificación, CALL (RLIN) (NR) PA CD-TESIS 11
100 ## - ENTRADA PRINCIPAL--NOMBRE DE PERSONA
Nombre de persona Flores Martínez, Beatríz Aurora
9 (RLIN) 41625
245 ## - MENCIÓN DE TÍTULO
Título Organismos asociados a la necrosis de Yemas florales de zarzamora (Rubus sp.) Y su distribución en las zonas productoras de Michoacán /
Mención de responsabilidad, etc. Beatríz Aurora Flores Martínez; Director Angel Rebollar Alvíter
260 ## - PUBLICACIÓN, DISTRIBUCIÓN, ETC.
Lugar de publicación, distribución, etc. Chapingo, Méx. :
Nombre del editor, distribuidor, etc. el autor
300 ## - DESCRIPCIÓN FÍSICA
Extensión 1 CD ROM (89 p.)
502 ## - NOTA DE TESIS
Nota de tesis Tesis (M.C. en Protección Vegetal), UACh.Departamento Parasitología Agrícola. UACh.Departamento Parasitología Agrícola
650 ## - PUNTO DE ACCESO ADICIONAL DE MATERIA--TÉRMINO DE MATERIA
Término de materia o nombre geográfico como elemento de entrada Hongos Fitopatógenos
9 (RLIN) 56132
650 ## - PUNTO DE ACCESO ADICIONAL DE MATERIA--TÉRMINO DE MATERIA
Término de materia o nombre geográfico como elemento de entrada Mora
Subdivisión general enfermedades
9 (RLIN) 78114
650 ## - PUNTO DE ACCESO ADICIONAL DE MATERIA--TÉRMINO DE MATERIA
Término de materia o nombre geográfico como elemento de entrada Zarzamora
Subdivisión general Michoacán
9 (RLIN) 123740
700 ## - PUNTO DE ACCESO ADICIONAL--NOMBRE DE PERSONA
Nombre de persona Manuel Pinto, Victor, Asesor
9 (RLIN) 174967
700 ## - PUNTO DE ACCESO ADICIONAL--NOMBRE DE PERSONA
Nombre de persona Rebollar Alvíter, Angel, Director
9 (RLIN) 174984
700 ## - PUNTO DE ACCESO ADICIONAL--NOMBRE DE PERSONA
Nombre de persona Silva Rojas, Hilda Victoria, Asesor
9 (RLIN) 174985
901 ## - ELEMENTOS DE DATOS A LOCAL LDA (RLIN)
a PA CD-TESIS 11
902 ## - ELEMENTOS DE DATOS B LOCAL, LDB (RLIN)
a M
905 ## - ELEMENTOS DE DATOS E LOCAL, LDE (RLIN)
a 5232202010 an 8000000300 06
910 ## - DATOS DE OPCIÓN DEL USUARIO (OCLC)
Datos de opción del usuario 2010
942 ## - ELEMENTOS DE PUNTO DE ACCESO ADICIONAL (KOHA)
Tipo de ítem Koha Parasitologia_
942 ## - ELEMENTOS DE PUNTO DE ACCESO ADICIONAL (KOHA)
Tipo de ítem Koha Parasitologia_
-- 2
Holdings
Estado de retiro Estado de pérdida Fuente del sistema de clasificación o colocación Estado dañado Restricciones de uso No para préstamo Código de colección Localización permanente Ubicación/localización actual Ubicación en estantería Fecha de adquisición Información codificada de la localización en otra ubicación Total de préstamos Código de barras Fecha visto por última vez Número de copia Precio válido a partir de Tipo de ítem Koha Nota pública Fecha del último préstamo
    Clasificación Universidad Autónoma de Chapingo   Préstamo interno   Tesis Parasitologia Agricola Parasitologia Agricola   03/07/2013 PARA   PA_09979-2 25/01/2022 2 25/01/2022 Tesis digital 3  
    Clasificación Universidad Autónoma de Chapingo   Préstamo interno   Tesis Parasitologia Agricola Parasitologia Agricola   01/07/2013 PARA 1 PA_09979 14/02/2023 1 25/01/2022 Tesis digital 3 14/02/2023